| 000 | 00429nam a2200157 i 4500 | ||
|---|---|---|---|
| 001 | 142151 | ||
| 003 | ES-MaACL | ||
| 005 | 20230906200445.0 | ||
| 007 | t| | ||
| 008 | 071003s1915 ag ||||1| spa d | ||
| 100 | 1 |
_aVigil, Constancio C. _9114626 |
|
| 245 | 1 | 3 |
_aEl erial / _cpor Constancio C. Vigil. |
| 260 |
_aBuenos Aires : _b[s.n.], _c1915 ( _fRicardo Radaelli) |
||
| 300 |
_a251 p. ; _c18 cm. |
||
| 852 |
_aES-MaACL _jD-1854 |
||
| 999 |
_c142151 _d142151 |
||